|
|
|
|
| LEADER |
00000nab a2200000 a 4500 |
| 001 |
vtls009483691 |
| 003 |
SK-MaSNL |
| 005 |
20260304151156.0 |
| 008 |
250506c2009 xo mr|p|||an |000 b|slo |
| 015 |
|
|
|a SNBRB2009/03
|
| 035 |
|
|
|a (uuid)d5555a8a-c5e2-4537-b060-e50efa0a6a76
|
| 035 |
|
|
|a urn:nbn:sk:snk-abd5qi
|
| 035 |
|
|
|a (urnnbn)urn:nbn:sk:snk:ar-007ft9
|
| 038 |
|
|
|a SPK
|
| 040 |
|
|
|a SNKBUCL
|b slo
|c SNKBUCL
|e AACR2
|
| 041 |
0 |
|
|a slo
|b slo
|
| 044 |
|
|
|a xo
|c SK
|
| 072 |
|
7 |
|a 061.2
|x Nevládne organizácie a kooperácia
|2 konspekt
|
| 072 |
|
7 |
|a 37
|x Výchova a vzdelávanie
|2 konspekt
|
| 080 |
|
|
|a 061.213
|2 1997
|
| 080 |
|
|
|a 37
|2 1997
|
| 100 |
1 |
|
|a Darák, Milan,
|d 1953-
|4 aut
|9 121010
|
| 245 |
1 |
0 |
|a Skautský výchovný systém
|n 2. časť
|c Milan Darák
|
| 504 |
|
|
|a Bibliogr. odkazy
|
| 546 |
|
|
|a Res. slov.
|
| 650 |
0 |
7 |
|a skauti
|2 snkbucl
|9 30558
|
| 650 |
0 |
7 |
|a výchova
|2 spk
|9 957
|
| 700 |
1 |
|
|a Juščák, Ján
|4 aut
|9 605651
|
| 773 |
0 |
|
|t Vychovávateľ
|g Roč. LVII, č. 7 (2009), s. 6-8
|x 0139-6919
|
| 850 |
|
|
|a Slovenská národná knižnica
|
| 852 |
|
|
|a Slovenská národná knižnica
|
| 954 |
|
|
|a odborná, vedecká literatúra pôvodná (slovenská)
|2 lita
|
| 958 |
|
|
|a article17
|
| 958 |
|
|
|a NB
|2 spk
|
| 958 |
|
|
|a OND
|
| 958 |
|
|
|a EUIPO
|
| 999 |
|
|
|c 2941957
|d 2943887
|